01166nam a22001937a 450000500170000000800410001702000180005804000070007604100080008308200210009110000170011224500800012925000120020926000590022130000340028036500610031452005570037565000400093220220524145612.0220524b ||||| |||| 00| 0 eng d a9789354495564 cAL aeng 223a032.02bMADN aMadaan K V S aNTA UGC NET/SET/JRF Teaching and research aptitude general paper 1 2022 6th a6th ed. aIndiabPearson India education services Pvt. Ltdc2022 axlvii,535p.bPBc25.3x20.2cm. 2Generala847b₹420.00c₹d₹525.00e20%f17-05-2022 aThis title has been updated as per the latest UGC NET examination's pattern, The theory has been revamped and the concepts have been dealt with special focus on the recent examination trends and syllabus requirement. The book is divided into ten chapters and gives a perfect blend of theory and practice questions. The concepts are elaborated with the help of demographics, illustrations and figures. Features Includes Latest NEP 2020 Assessments include Mock Tests, stopover questions, Trending Questions Includes 2021 Paper along with the answer keys 2GeneralaResearch, Teaching UGC,NET